[Event "MSRCH16"]
[Site "?"]
[Date "2026.04.12"]
[Round "4.20"]
[White "Torok, Aron Levente"]
[Black "Lukianov, Mykhailo"]
[Result "1/2-1/2"]
[BlackElo "1652"]
[WhiteElo "1749"]
[LiveChessVersion "1.4.8"]

1. d4 {[%clk 1:30:48]} Nf6 {[%clk 1:29:51]} 2. c4 {[%clk 1:31:02]} e6
{[%clk 1:30:16]} 3. Nc3 {[%clk 1:31:19]} d5 {[%clk 1:30:40]} 4. Bf4
{[%clk 1:30:38]} a6 {[%clk 1:30:48]} 5. Nf3 {[%clk 1:30:31]} Be7 {[%clk 1:30:52]}
6. e3 {[%clk 1:30:00]} Nbd7 {[%clk 1:30:52]} 7. Bd3 {[%clk 1:28:28]} dxc4
{[%clk 1:30:40]} 8. Bxc4 {[%clk 1:28:48]} b5 {[%clk 1:30:58]} 9. Bd3
{[%clk 1:27:44]} Bb7 {[%clk 1:31:16]} 10. O-O {[%clk 1:27:45]} c5
{[%clk 1:31:14]} 11. b3 {[%clk 1:27:15]} O-O {[%clk 1:30:38]} 12. Rc1
{[%clk 1:24:26]} Rc8 {[%clk 1:29:48]} 13. Ne5 {[%clk 1:23:08]} cxd4
{[%clk 1:28:44]} 14. exd4 {[%clk 1:22:02]} Qa5 {[%clk 1:24:37]} 15. Nxd7
{[%clk 1:20:01]} Nxd7 {[%clk 1:24:49]} 16. Bd2 {[%clk 1:17:50]} Bb4
{[%clk 1:23:45]} 17. Qc2 {[%clk 1:16:19]} Nf6 {[%clk 1:22:21]} 18. a3
{[%clk 1:13:37]} Bxc3 {[%clk 1:22:18]} 19. Bxc3 {[%clk 1:13:31]} Qc7
{[%clk 1:19:12]} 20. Qd2 {[%clk 1:09:47]} Qc6 {[%clk 1:15:35]} 21. f3
{[%clk 1:09:00]} Qd7 {[%clk 1:15:23]} 22. Bb4 {[%clk 1:04:11]} Rxc1
{[%clk 1:14:35]} 23. Rxc1 {[%clk 1:04:22]} Rd8 {[%clk 1:12:06]} 24. Bc5
{[%clk 1:00:25]} Qd5 {[%clk 1:00:49]} 25. b4 {[%clk 0:55:29]} Qd7
{[%clk 0:51:26]} 26. Bb6 {[%clk 0:48:23]} Rc8 {[%clk 0:50:01]} 27. Rxc8+
{[%clk 0:48:18]} Qxc8 {[%clk 0:50:05]} 28. Qc2 {[%clk 0:44:17]} Qxc2
{[%clk 0:50:15]} 29. Bxc2 {[%clk 0:44:26]} Bc8 {[%clk 0:50:00]} 30. Be4
{[%clk 0:43:19]} Nxe4 {[%clk 0:49:16]} 31. fxe4 {[%clk 0:43:32]} Bb7
{[%clk 0:49:30]} 32. e5 {[%clk 0:43:23]} Bd5 {[%clk 0:49:45]} 33. g3
{[%clk 0:43:12]} h5 {[%clk 0:49:58]} 34. Kf2 {[%clk 0:43:25]} f6 {[%clk 0:49:43]}
35. Ke3 {[%clk 0:43:16]} f5 {[%clk 0:49:29]} 36. Kf4 {[%clk 0:43:13]} g6
{[%clk 0:49:44]} 37. Kg5 {[%clk 0:43:16]} Kf7 {[%clk 0:49:52]} 38. Bd8
{[%clk 0:43:14]} Be4 {[%clk 0:49:43]} 1/2-1/2

[Event "MSRCH16"]
[Site "?"]
[Date "2026.04.12"]
[Round "4.21"]
[White "Mizanin, Matej"]
[Black "Bebko, Alex"]
[Result "0-1"]
[BlackElo "1641"]
[WhiteElo "1745"]
[LiveChessVersion "1.4.8"]

1. Nf3 {[%clk 1:30:55]} d5 {[%clk 1:30:53]} 2. b3 {[%clk 1:30:36]} Bf5
{[%clk 1:30:47]} 3. Bb2 {[%clk 1:30:49]} e6 {[%clk 1:31:13]} 4. g3
{[%clk 1:31:07]} Nf6 {[%clk 1:31:36]} 5. Bg2 {[%clk 1:31:30]} Be7
{[%clk 1:31:41]} 6. O-O {[%clk 1:31:40]} O-O {[%clk 1:32:03]} 7. d4
{[%clk 1:32:09]} h6 {[%clk 1:31:41]} 8. c4 {[%clk 1:32:33]} c6 {[%clk 1:31:46]}
9. Nc3 {[%clk 1:32:31]} a5 {[%clk 1:31:00]} 10. Re1 {[%clk 1:30:39]} Nbd7
{[%clk 1:25:50]} 11. Nd2 {[%clk 1:25:13]} Qc7 {[%clk 1:22:00]} 12. Rc1
{[%clk 1:16:18]} Nb6 {[%clk 1:02:24]} 13. e4 {[%clk 1:07:25]} dxe4
{[%clk 1:02:05]} 14. Ndxe4 {[%clk 1:07:44]} Nxe4 {[%clk 0:58:42]} 15. Bxe4
{[%clk 1:08:10]} Bxe4 {[%clk 0:58:22]} 16. Nxe4 {[%clk 1:08:36]} Rfd8
{[%clk 0:57:27]} 17. Qe2 {[%clk 1:00:19]} Nc8 {[%clk 0:51:10]} 18. Rcd1
{[%clk 0:59:17]} a4 {[%clk 0:42:20]} 19. Qc2 {[%clk 0:57:17]} axb3
{[%clk 0:41:27]} 20. axb3 {[%clk 0:55:39]} Nd6 {[%clk 0:38:34]} 21. Nxd6
{[%clk 0:51:23]} Rxd6 {[%clk 0:37:16]} 22. Bc1 {[%clk 0:43:55]} Rdd8
{[%clk 0:34:04]} 23. Be3 {[%clk 0:33:55]} Bf6 {[%clk 0:32:45]} 24. Bf4
{[%clk 0:31:53]} Qb6 {[%clk 0:28:45]} 25. Be5 {[%clk 0:30:18]} Bxe5
{[%clk 0:25:57]} 26. dxe5 {[%clk 0:30:37]} Rxd1 {[%clk 0:24:24]} 27. Rxd1
{[%clk 0:31:05]} Ra3 {[%clk 0:22:56]} 28. Rb1 {[%clk 0:28:13]} Qa7
{[%clk 0:20:01]} 29. Qb2 {[%clk 0:21:28]} Ra2 {[%clk 0:17:14]} 0-1

[Event "MSRCH16"]
[Site "?"]
[Date "2026.04.12"]
[Round "4.22"]
[White "Kostov, Rubin"]
[Black "Drabek, Matej"]
[Result "1-0"]
[BlackElo "1560"]
[WhiteElo "1702"]
[LiveChessVersion "1.4.8"]

1. c4 {[%clk 1:30:58]} e5 {[%clk 1:30:54]} 2. Nc3 {[%clk 1:31:24]} Nf6
{[%clk 1:31:17]} 3. g3 {[%clk 1:31:49]} Nc6 {[%clk 1:31:36]} 4. Bg2
{[%clk 1:32:05]} Bc5 {[%clk 1:30:24]} 5. e3 {[%clk 1:32:29]} O-O {[%clk 1:30:02]}
6. Nge2 {[%clk 1:32:55]} Nb4 {[%clk 1:23:55]} 7. d4 {[%clk 1:31:56]} exd4
{[%clk 1:23:10]} 8. exd4 {[%clk 1:32:17]} Be7 {[%clk 1:22:22]} 9. a3
{[%clk 1:32:32]} Nc6 {[%clk 1:18:53]} 10. O-O {[%clk 1:32:53]} b6
{[%clk 1:12:20]} 11. Re1 {[%clk 1:31:53]} Rb8 {[%clk 1:12:36]} 12. Nf4
{[%clk 1:27:56]} Bd6 {[%clk 1:03:41]} 13. Nfd5 {[%clk 1:25:27]} h6
{[%clk 0:58:26]} 14. Nxf6+ {[%clk 1:20:35]} Qxf6 {[%clk 0:57:03]} 15. d5
{[%clk 1:20:14]} Na5 {[%clk 0:45:48]} 16. Ne4 {[%clk 1:19:46]} Qg6
{[%clk 0:34:28]} 17. Nxd6 {[%clk 1:19:28]} Qxd6 {[%clk 0:34:21]} 18. Bf4
{[%clk 1:19:34]} Qg6 {[%clk 0:22:01]} 19. Bxc7 {[%clk 1:04:30]} Ra8
{[%clk 0:22:05]} 20. d6 {[%clk 0:59:44]} Bb7 {[%clk 0:12:46]} 21. Bxb7
{[%clk 0:58:58]} Nxb7 {[%clk 0:13:06]} 22. Re7 {[%clk 0:58:32]} Rfe8
{[%clk 0:05:20]} 23. Qd5 {[%clk 0:27:46]} Nc5 {[%clk 0:02:50]} 24. Rae1
{[%clk 0:25:45]} Ne6 {[%clk 0:03:14]} 25. Rxe8+ {[%clk 0:18:54]} Rxe8
{[%clk 0:03:33]} 26. Qe4 {[%clk 0:06:31]} Nxc7 {[%clk 0:02:33]} 27. dxc7
{[%clk 0:05:57]} Qxe4 {[%clk 0:02:48]} 28. Rxe4 {[%clk 0:06:08]} Rc8
{[%clk 0:03:12]} 29. Kf1 {[%clk 0:04:23]} Kf8 {[%clk 0:03:25]} 30. Ke2
{[%clk 0:04:36]} Rxc7 {[%clk 0:03:47]} 31. Kd3 {[%clk 0:04:48]} g5
{[%clk 0:03:51]} 32. h4 {[%clk 0:04:35]} f6 {[%clk 0:04:08]} 33. hxg5
{[%clk 0:04:07]} hxg5 {[%clk 0:04:29]} 34. Kd4 {[%clk 0:04:12]} Kf7
{[%clk 0:03:01]} 35. b4 {[%clk 0:04:24]} a5 {[%clk 0:02:57]} 36. Kd5
{[%clk 0:04:04]} axb4 {[%clk 0:03:06]} 37. axb4 {[%clk 0:04:26]} Ra7
{[%clk 0:03:10]} 38. Kd6 {[%clk 0:03:42]} Ra4 {[%clk 0:03:03]} 39. b5
{[%clk 0:03:15]} Ra2 {[%clk 0:03:04]} 40. f4 {[%clk 0:02:25]} Rd2+
{[%clk 0:02:43]} 41. Kc7 {[%clk 0:02:33]} gxf4 {[%clk 0:02:03]} 42. Rxf4
{[%clk 0:01:13]} Ke6 {[%clk 0:01:05]} 43. Kxb6 {[%clk 0:00:57]} Rd3
{[%clk 0:00:52]} 44. g4 {[%clk 0:29:45]} d5 {[%clk 0:11:53]} 45. c5
{[%clk 0:21:46]} Rc3 {[%clk 0:12:01]} 46. c6 {[%clk 0:21:12]} 1-0

[Event "MSRCH16"]
[Site "?"]
[Date "2026.04.12"]
[Round "4.23"]
[White "Kis, Arnold"]
[Black "Stolar, Matus"]
[Result "1-0"]
[BlackElo "1688"]
[WhiteElo "1619"]
[LiveChessVersion "1.4.8"]

1. e4 {[%clk 1:30:58]} e5 {[%clk 1:30:48]} 2. Nf3 {[%clk 1:31:24]} Nc6
{[%clk 1:31:11]} 3. d4 {[%clk 1:31:48]} exd4 {[%clk 1:31:37]} 4. Bc4
{[%clk 1:32:15]} Nf6 {[%clk 1:30:23]} 5. O-O {[%clk 1:32:35]} Bc5
{[%clk 1:29:47]} 6. c3 {[%clk 1:26:39]} Nxe4 {[%clk 1:14:19]} 7. cxd4
{[%clk 1:25:14]} Bb6 {[%clk 1:14:08]} 8. Re1 {[%clk 1:25:20]} d5 {[%clk 1:14:26]}
9. Bxd5 {[%clk 1:25:33]} Qxd5 {[%clk 1:12:57]} 10. Nc3 {[%clk 1:25:58]} Qh5
{[%clk 1:12:31]} 11. Rxe4+ {[%clk 1:25:28]} Be6 {[%clk 1:11:18]} 12. d5
{[%clk 1:24:37]} O-O-O {[%clk 1:11:18]} 13. Bg5 {[%clk 0:57:44]} Rd6
{[%clk 0:49:47]} 14. Qb3 Na5 {[%clk 0:45:19]} 15. Qb5 {[%clk 0:38:00]} a6
{[%clk 0:38:09]} 16. Qa4 {[%clk 0:38:19]} Bd7 {[%clk 0:23:17]} 17. Qa3
{[%clk 0:37:18]} h6 {[%clk 0:19:56]} 18. Be7 {[%clk 0:23:34]} Rg6
{[%clk 0:02:47]} 19. Ne5 {[%clk 0:18:59]} Rxg2+ {[%clk 0:01:52]} 20. Kxg2
{[%clk 0:19:20]} Qh3+ {[%clk 0:01:34]} 21. Kg1 {[%clk 0:18:45]} Bf5
{[%clk 0:00:59]} 22. Rh4 {[%clk 0:18:12]} Bxf2+ {[%clk 0:00:54]} 23. Kxf2
{[%clk 0:18:17]} 1-0

[Event "MSRCH16"]
[Site "?"]
[Date "2026.04.12"]
[Round "4.24"]
[White "Kosut, Simon"]
[Black "Foldesi, Marek"]
[Result "1-0"]
[BlackElo "1746"]
[WhiteElo "1603"]
[LiveChessVersion "1.4.8"]

1. e4 {[%clk 1:30:59]} e5 {[%clk 1:30:49]} 2. Nf3 {[%clk 1:31:13]} Nc6
{[%clk 1:31:08]} 3. Bc4 {[%clk 1:31:36]} Bc5 {[%clk 1:31:32]} 4. d3
{[%clk 1:29:28]} d6 {[%clk 1:30:50]} 5. h3 {[%clk 1:28:25]} h6 {[%clk 1:30:57]}
6. Nc3 {[%clk 1:28:33]} Nf6 {[%clk 1:31:10]} 7. Na4 {[%clk 1:28:01]} Bb6
{[%clk 1:31:28]} 8. Nxb6 {[%clk 1:27:05]} axb6 {[%clk 1:31:56]} 9. Be3
{[%clk 1:27:31]} O-O {[%clk 1:32:12]} 10. Qd2 {[%clk 1:27:48]} Na5
{[%clk 1:30:14]} 11. g3 {[%clk 1:22:00]} Nxc4 {[%clk 1:28:02]} 12. dxc4
{[%clk 1:20:22]} Nxe4 {[%clk 1:26:55]} 13. Qe2 Nf6 {[%clk 1:27:03]} 14. a3
{[%clk 1:18:38]} Be6 {[%clk 1:24:59]} 15. O-O-O Qe8 16. g4 {[%clk 1:14:19]} Ra4
{[%clk 1:11:54]} 17. g5 {[%clk 1:10:44]} hxg5 {[%clk 1:10:17]} 18. Bxg5
{[%clk 1:09:13]} Nh7 {[%clk 1:03:27]} 19. Rdg1 {[%clk 1:05:08]} Nxg5
{[%clk 0:49:20]} 20. Nxg5 {[%clk 0:59:41]} f6 {[%clk 0:49:37]} 21. Nxe6
{[%clk 0:56:23]} Qxe6 {[%clk 0:50:00]} 22. Qh5 {[%clk 0:56:50]} Qf7
{[%clk 0:49:27]} 23. Rg6 {[%clk 0:56:48]} Re8 {[%clk 0:42:32]} 24. Rhg1
{[%clk 0:54:33]} Re7 {[%clk 0:41:40]} 25. Rxg7+ {[%clk 0:20:58]} Qxg7
{[%clk 0:42:02]} 26. Rxg7+ {[%clk 0:21:24]} Rxg7 {[%clk 0:42:21]} 1-0

[Event "MSRCH16"]
[Site "?"]
[Date "2026.04.12"]
[Round "4.25"]
[White "Simko, Stefan"]
[Black "Kralovensky, Jan"]
[Result "1-0"]
[BlackElo "1581"]
[WhiteElo "1700"]
[LiveChessVersion "1.4.8"]

1. d4 {[%clk 1:30:51]} d5 {[%clk 1:30:20]} 2. c4 {[%clk 1:31:16]} e6
{[%clk 1:30:32]} 3. Nc3 {[%clk 1:31:24]} Nf6 {[%clk 1:30:18]} 4. Nf3
{[%clk 1:31:04]} c5 {[%clk 1:29:33]} 5. e3 {[%clk 1:27:23]} Nc6 {[%clk 1:29:23]}
6. cxd5 {[%clk 1:22:33]} exd5 {[%clk 1:29:36]} 7. Bd3 {[%clk 1:22:01]} cxd4
{[%clk 1:23:48]} 8. Nxd4 {[%clk 1:18:20]} Nxd4 {[%clk 1:23:50]} 9. exd4
{[%clk 1:18:32]} Be7 {[%clk 1:20:37]} 10. O-O {[%clk 1:18:48]} O-O
{[%clk 1:20:47]} 11. Qc2 {[%clk 1:18:25]} Be6 {[%clk 1:19:04]} 12. Bg5
{[%clk 1:18:10]} g6 {[%clk 1:19:23]} 13. f4 {[%clk 1:15:47]} Ng4 {[%clk 1:08:42]}
14. Bxe7 {[%clk 1:12:03]} Qxe7 {[%clk 1:08:56]} 15. Rae1 {[%clk 1:12:22]} Qd6
{[%clk 1:05:46]} 16. h3 {[%clk 1:05:30]} Nh6 {[%clk 1:05:21]} 17. Qb3
{[%clk 1:00:15]} b6 {[%clk 1:01:17]} 18. Nb5 {[%clk 0:56:35]} Qd7
{[%clk 0:59:40]} 19. Rc1 {[%clk 0:48:38]} Rac8 {[%clk 0:58:54]} 20. Qa3
{[%clk 0:46:56]} Bf5 {[%clk 0:53:26]} 21. Be2 {[%clk 0:41:47]} Be4
{[%clk 0:51:55]} 22. Qxa7 {[%clk 0:38:59]} Qxa7 {[%clk 0:52:13]} 23. Nxa7
{[%clk 0:39:07]} Ra8 {[%clk 0:52:36]} 24. Rc7 {[%clk 0:38:52]} f5
{[%clk 0:52:02]} 25. Rfc1 {[%clk 0:38:15]} Nf7 {[%clk 0:49:35]} 26. a3
{[%clk 0:36:34]} Rae8 {[%clk 0:39:10]} 27. Bb5 {[%clk 0:26:23]} Rd8
{[%clk 0:34:38]} 28. R1c6 {[%clk 0:24:06]} Rd6 {[%clk 0:31:28]} 29. Nc8
{[%clk 0:21:44]} Rdd8 {[%clk 0:29:18]} 30. Ne7+ {[%clk 0:21:03]} Kh8
{[%clk 0:26:58]} 31. Rxb6 {[%clk 0:20:48]} Nd6 {[%clk 0:25:22]} 32. a4
{[%clk 0:17:25]} Nxb5 {[%clk 0:25:30]} 33. Rxb5 {[%clk 0:17:13]} Rb8
{[%clk 0:24:31]} 34. Rxb8 {[%clk 0:14:58]} Rxb8 {[%clk 0:24:57]} 35. Rc8+
{[%clk 0:15:18]} Rxc8 {[%clk 0:25:07]} 36. Nxc8 {[%clk 0:15:35]} Kg7
{[%clk 0:25:12]} 37. Kf2 {[%clk 0:15:28]} Kf8 {[%clk 0:25:15]} 38. g3
{[%clk 0:14:32]} h5 {[%clk 0:25:22]} 39. Ke3 {[%clk 0:14:19]} Ke8
{[%clk 0:25:06]} 40. Nd6+ {[%clk 0:13:50]} Kd7 {[%clk 0:25:02]} 41. Nxe4
{[%clk 0:14:09]} dxe4 {[%clk 0:24:48]} 42. b4 {[%clk 0:14:17]} Kc6
{[%clk 0:25:10]} 43. Kd2 {[%clk 0:12:43]} Kb6 {[%clk 0:25:23]} 44. d5
{[%clk 0:12:39]} Kc7 {[%clk 0:25:44]} 45. a5 {[%clk 0:12:31]} Kd6
{[%clk 0:25:58]} 46. a6 {[%clk 0:12:17]} 1-0

[Event "MSRCH16"]
[Site "?"]
[Date "2026.04.12"]
[Round "4.26"]
[White "Sykora, Miro"]
[Black "Vanco, Simon"]
[Result "1-0"]
[BlackElo "1681"]
[WhiteElo "1671"]
[LiveChessVersion "1.4.8"]

1. e4 {[%clk 1:30:55]} d6 {[%clk 1:30:53]} 2. d4 {[%clk 1:31:20]} Nf6
{[%clk 1:31:16]} 3. Nc3 {[%clk 1:31:41]} g6 {[%clk 1:31:38]} 4. h3
{[%clk 1:31:34]} Bg7 {[%clk 1:31:42]} 5. g4 {[%clk 1:31:57]} O-O {[%clk 1:28:27]}
6. Bg2 {[%clk 1:32:11]} Nbd7 {[%clk 1:28:11]} 7. Nge2 {[%clk 1:31:21]} a6
{[%clk 1:26:37]} 8. Ng3 {[%clk 1:30:40]} e5 {[%clk 1:24:30]} 9. d5
{[%clk 1:30:12]} Nc5 {[%clk 1:21:35]} 10. g5 {[%clk 1:28:55]} Ne8
{[%clk 1:21:28]} 11. Be3 {[%clk 1:23:14]} b6 {[%clk 1:18:36]} 12. h4
{[%clk 1:21:24]} f5 {[%clk 1:09:23]} 13. gxf6 {[%clk 1:19:36]} Qxf6
{[%clk 1:09:24]} 14. Qe2 {[%clk 1:17:23]} h5 {[%clk 1:04:05]} 15. Bg5
{[%clk 1:15:11]} Qf7 {[%clk 1:02:49]} 16. f3 {[%clk 1:10:15]} a5 {[%clk 0:55:23]}
17. Nb5 {[%clk 1:02:22]} a4 {[%clk 0:49:18]} 18. c4 {[%clk 1:00:08]} Kh7
{[%clk 0:37:50]} 19. Qd2 {[%clk 0:58:43]} Nf6 {[%clk 0:32:42]} 20. Rd1
{[%clk 0:54:57]} Ng8 {[%clk 0:29:26]} 21. Ne2 {[%clk 0:51:26]} Nxe4
{[%clk 0:26:05]} 22. Qe3 {[%clk 0:51:08]} Nxg5 {[%clk 0:25:21]} 23. hxg5
{[%clk 0:50:39]} Qe7 {[%clk 0:17:23]} 24. Ng3 {[%clk 0:49:17]} Qd8
{[%clk 0:14:25]} 25. Qe4 {[%clk 0:49:07]} Bf5 {[%clk 0:10:40]} 26. Nxf5
{[%clk 0:48:30]} gxf5 {[%clk 0:09:29]} 27. Qh4 {[%clk 0:46:38]} Qe8
{[%clk 0:08:22]} 28. Nxc7 {[%clk 0:45:01]} Qf7 {[%clk 0:07:53]} 29. Nxa8
{[%clk 0:44:10]} Rxa8 {[%clk 0:08:16]} 30. Qxh5+ {[%clk 0:41:40]} Qxh5
{[%clk 0:08:38]} 31. Rxh5+ {[%clk 0:42:01]} Kg6 {[%clk 0:09:04]} 32. Rh2
{[%clk 0:40:09]} Kxg5 {[%clk 0:08:07]} 33. Kf2 {[%clk 0:38:40]} Rc8
{[%clk 0:06:19]} 34. b3 {[%clk 0:37:58]} axb3 {[%clk 0:02:22]} 35. axb3
{[%clk 0:38:19]} Ra8 {[%clk 0:02:38]} 36. Bf1 {[%clk 0:31:50]} Nf6
{[%clk 0:02:05]} 37. Be2 {[%clk 0:26:01]} e4 {[%clk 0:00:59]} 38. Rg1+
{[%clk 0:26:04]} Kf4 {[%clk 0:00:55]} 39. Rh4+ {[%clk 0:25:55]} 1-0